00486nam a2200193 a 450000100080000000500110000800800410001910000190006024500460007926000260012530000150015165300160016665300230018265300100020570000200021570000180023570000190025370000200027210038791996-11-01 1996 bl uuuu u0uu1 u #d1 aHAMAWAKI, O.T. aBaculovirusbestudos basicos e aplicados. aUberlandia: UFUc1996 a63p.cil.. aBACULOVIRUS aCONTROLE BIOLOGICO aVIRUS1 aVALICENTE, F.H.1 aGOULART, L.R.1 aJULIATTI, F.C.1 aFERNANDES, J.J.